| 000 | 00986nam0a2200289 4500 | ||
|---|---|---|---|
| 001 | RU\NLR\bibl\1086760 | ||
| 005 | 20250615051640.0 | ||
| 010 |
_a978-5-94145-428-0 _95000 |
||
| 021 |
_aRU _b2007-23373 _91234 |
||
| 035 | _a(NLR Aleph) 001073920 | ||
| 090 |
_a1016157 _c1016157 |
||
| 100 | _a20070516d2007 |||y0rusy50 ca | ||
| 101 | 1 |
_arus _ceng |
|
| 102 | _aRU | ||
| 105 | _ay ||||||||| | ||
| 200 | 1 |
_aТугая струна _eроман _fВэл Макдермид _g[пер. с англ. М. Ветковской] |
|
| 210 |
_aМосква _cИностранка _d2007 |
||
| 215 |
_a637, [1] с. _d19 |
||
| 225 | 1 |
_aЛекарство от скуки _fсост. Б. Акунин _fотв. ред. М. Тюнькина |
|
| 320 | _aДр. произведения авт. На 2-й с. | ||
| 700 | 1 |
_aМакдермид _bВ. _gВэл _4070 |
|
| 801 | 0 |
_aRU _bNLR _c20070516 _gRCR |
|
| 801 | 1 |
_aRU _bNLR _c20070516 |
|
| 942 | _cBOOK | ||
| 980 | _aNB | ||